Visualizzazione normale
Vista MARC
- Strauss Johann Jr.
di Personal Name
Records bibliografici associati: 1
001 - CONTROL NUMBER
- control field: 5868
003 - CONTROL NUMBER IDENTIFIER
- control field: IT-RoPau
005 - DATE AND TIME OF LATEST TRANSACTION
- control field: 20131217220217.0
008 - FIXED-LENGTH DATA ELEMENTS
- fixed length control field: 131217|| aca||aabn | a|a d
040 ## - CATALOGING SOURCE
- Original cataloging agency: IT-RoPau
- Transcribing agency: IT-RoPau
100 ## - HEADING--PERSONAL NAME
- Personal name: Strauss Johann Jr.
- Dates associated with a name: Codice autore musica SPICS: 11164
- Relator term: Autore musica
- Name of part/section of a work: Valzer dell'imperatore
670 ## - SOURCE DATA FOUND
- Source citation: Work cat.: (IT-RoPau)99859: AA.VV. 794, Antologia classico-leggera vol.5 (Lp Fontana 6736 002)